000 00422nam a2200193Ia 4500
005 20240823052714.0
008 240823s9999||||xx |||||||||||||| ||und||
020 _a81-7813-411-X
041 _aENGLISH
082 _A920
100 _aJyotsna Bharti
245 0 _aSir Issac Newton
250 _a1st
260 _bSunrise Publi
500 _aDISPLAY
650 _aGeneral
_bGeneral
942 _cBK
999 _c222493
_d222493